000 00610nam a2200217Ia 4500
003 OSt
005 20220928135609.0
006 a|||||r|||| 00| 0
007 ta
008 220927b |||||||| |||| 00| 0 eng d
024 _a3544
037 _cTextual
040 _aSDCL
_cSDCL
_beng
041 _2eng
_aeng
082 _aX:5381, N8
100 _aSrinivasan T N
245 0 _aDeveloping countries and the multilateral trading system
_b From the GATT to the Uruguay round and the future
260 _c1998
942 _hX:5381, N8
_cTEXL
_2CC
999 _c807279
_d807279